Vuoden 2026 talviolympialaisten mitalitaulukko - Statistics

Yleistilastot
  • Tätä visaa on pelattu 565 kertaa
  • Keskiarvotulos 16 / 20
Vastaustilastot
Kulta Hopea Pronssi Valtio % Oikein
18 12 11 Norja
99%
8 6 4 Ruotsi
99%
12 12 9 Yhdysvallat
98%
5 7 9 Kanada
96%
10 6 14 Italia
94%
8 9 6 Ranska
94%
8 10 8 Saksa
94%
5 4 6 Kiina
93%
5 7 12 Japani
91%
6 9 8 Sveitsi
87%
5 8 5 Itävalta
85%
1 0 2 Espanja
80%
10 7 3 Alankomaat
79%
3 4 3 Etelä-Korea
74%
3 1 1 Iso-Britannia
74%
2 2 1 Tšekki
71%
3 2 1 Australia
69%
2 1 1 Slovenia
66%
1 0 0 Brasilia
62%
1 0 0 Kazakstan
33%
Ehtoja vastaavia visoja ei löytynyt
Tulosjakauma
Jokaisen tuloksen saaneiden osuus
Persentiili vastausten määrän mukaan
Tuloshistoriasi
Et ole pelannut tätä visaa